02640nkc a2200373za 450000100060000000300040000600500170001000700070002700800410003404000240007510000410009924500530014026000240019330001000021750002650031750001930058250000650077550001340084050001690097450400520114350500520119551001510124751002100139856101310160861000640173965100260180365500400182970000600186985200120192985601500194194200250209195201330211699900170224984522OSt20260320103749.0kh boc250410s19101911sp ||||| ||||||0| i|spa d aM-RABAbspacM-RABA1 aElorza, Lorenzod(1861-1931)911106810aLasarteb: Ventana lateral del ábsidec/ L. E. c[ca. 1910 – 1911] a1 fotografíab: gelatina de platac; imagen 12 x 16,5 cmc; soporte secundario 21,5 x 26,5 cm aVista de la ventana lateral del ábside de la iglesia parroquial de Nuestra Señora de la Asunción en Lasarte, compuesta por un arco de medio punto con tres arquivoltas ornamentadas con acantos y decoración vegetal que se apean en columnas de fuste liso. aFotografía montada sobre soporte secundario de cartulina azul enmarcada con orla en relieve. Título y numeración manuscrita que hace referencia a la posición en la serie “103”. aSello con monograma del fotógrafo en tinta roja “L.E.” aFechas tomadas de la ejecución del positivo de las fotografías, incluido el soporte secundario. (Soto Madrazo, Javier. 2008). aForma parte de un conjunto de 167 fotografías empleadas por Federico Baráibar Zumárraga para la elaboración del Inventario del Románico en Álava (1911). aBaraibar, F.: "Rincones artísticos", M. 1914. aLasarte.- Ventana lateral del ábside. / L. E. aDescripción tomada de: Soto Madrazo, Javier (2008). Federico Baraibar y el Inventario del Románico en Álava: una caja con 167 fotografías. aEsta colección fue utilizada posteriormente por Cristóbal de Castro para la elaboración y publicación del "Catálogo Monumental de España: provincia de Álava", Madrid, S. de Rivadeneira, 1915. aDonadas junto con la memoria manuscrita a la Academia por el mismo Baraibar (Sesión 12 de febrero de 1912, Archivo: 4-32-1).20aIglesia Nuestra Señora de la Asunción (Lasarte)9111631 7aÁlava2embne975661 0aFotografías de monumentos91115801 aBaráibar y Zumárraga, Federico d(1851-1918)912926 jFot-212 3Fot-212uhttps://archivoybiblioteca.realacademiabellasartessanfernando.com/cgi-bin/koha/opac-retrieve-file.pl?id=cf191fffb3233f3b0f7fa29bbdcc29ac 2ddccFOTOGRAFÍAn0 00102ddc40708FOTOGRAFIAaRABASFbRABASFcDP2d2025-04-22l0oFot-212p1095401r2025-04-22 11:28:51w2025-04-22yFOTOGRAFÍA c84522d84522